| 000 | 00846cab a2200229 4500 | ||
|---|---|---|---|
| 001 | ABS68660 | ||
| 008 | 050126n2005 000 0 eng u | ||
| 035 | _a(Sirsi) u128641 | ||
| 100 | _aRose, A. | ||
| 245 | _aFree for all | ||
| 260 | _c2005 | ||
| 490 |
_aEstates Gazette _v(0502) 15 January 2005, 92-95(3) |
||
| 520 | _aDiscusses the concept of right of access with regards to the Freedom of Information Act 2000 and the issue of how specifically the concept can be applied to the property industry where exemptions such as confidentiality and commercial interests applies. | ||
| 590 | _aABS | ||
| 650 | _aFREEDOM OF INFORMATION ACT 2000 | ||
| 650 | _aRIGHT OF ACCESS | ||
| 650 | _aRENT REVIEWS | ||
| 650 | _aSOUTH TYNESIDE BOROUGH COUNCIL V WICKES BUILDING SUPPLIES LTD | ||
| 690 | _aLAW-UK | ||
| 700 | _aCohen, R. | ||
| 942 | _n0 | ||
| 999 |
_c74770 _d74770 |
||